书目信息 |
| 题名: |
线上沟通这样才高效
|
|
| 作者: | 史汀顿 著 ;黄睿睿 译 | |
| 分册: | ||
| 出版信息: | 北京 九州出版社 2018 |
|
| 页数: | 13,197页 | |
| 开本: | 21cm | |
| 丛书名: | ||
| 单 册: | ||
| 中图分类: | F713.36 | |
| 科图分类: | ||
| 主题词: | 电子商务 | |
| 电子资源: | ||
| ISBN: | 978-7-5108-6772-9 | |
| 000 | 00953nam0 2200253 450 | |
| 001 | 012001003707 | |
| 005 | 20140926114740.0 | |
| 010 | @a978-7-5108-6772-9@dCNY26.00 | |
| 100 | @a20180714d2018 em y0chiy50 ea | |
| 101 | 1 | @achi@ceng |
| 102 | @aCN@b110000 | |
| 105 | @aa z 000yy | |
| 106 | @ar | |
| 200 | 1 | @a线上沟通这样才高效@9xian shang gou tong zhe yang cai gao xiao@dWorking in the virtual world@f(美)尼可·史汀顿著@g黄睿睿译@zeng |
| 210 | @a北京@c九州出版社@d2018 | |
| 215 | @a13,197页@c图@d21cm | |
| 330 | @a本书作者不仅和大家分享各类线上沟通工具及使用方法,包括:社交软件的留言方式、电话会议、邮件写作技巧,视频演讲技巧、远程培训等等,但更多的是给读者解决问题的方法。 | |
| 510 | 1 | @aWorking in the virtual world@zeng |
| 606 | 0 | @a电子商务 |
| 690 | @aF713.36@v5 | |
| 701 | 0 | @c(美)@a史汀顿@9shi ting dun@4著 |
| 702 | 0 | @a黄睿睿@9huang rui rui@c(翻译)@4译 |
| 801 | 0 | @aCN@b上海新华@c20180901 |
| 905 | @b1159995-9@dF713.36@e1062@f5 | |
| 线上沟通这样才高效=Working in the virtual world/(美)尼可·史汀顿著/黄睿睿译.-北京:九州出版社,2018 |
| 13,197页:图;21cm |
| ISBN 978-7-5108-6772-9:CNY26.00 |
| 本书作者不仅和大家分享各类线上沟通工具及使用方法,包括:社交软件的留言方式、电话会议、邮件写作技巧,视频演讲技巧、远程培训等等,但更多的是给读者解决问题的方法。 |
| ● |
| 相关链接 |
|
|
|
|
正题名:线上沟通这样才高效
索取号:F713.36/1062
 
预约/预借
| 序号 | 登录号 | 条形码 | 馆藏地/架位号 | 状态 | 备注 |
| 1 | 1159995 | 211599956 | 第一样本阅览室/ [索取号:F713.36/1062] | 在馆 | |
| 2 | 1159996 | 211599965 | 密集书库-海洋学院/ [索取号:F713.36/1062] | 在馆 | |
| 3 | 1159997 | 211599974 | 第一借阅区/ [索取号:F713.36/1062] | 在馆 | |
| 4 | 1159998 | 211599983 | 第一借阅区/ [索取号:F713.36/1062] | 在馆 | |
| 5 | 1159999 | 211599992 | 第一借阅区/ [索取号:F713.36/1062] | 在馆 |